Gegra 1 - Statystyki

Ogólne statystyki
  • Ten quiz został rozwiązany 31 razy
  • Średni wynik to 30 z 55
Statystyki odpowiedzi
Kraj Stolica % Poprawnych
USA Waszyngton
95%
Meksyk Meksyk
90%
Kanada Ottawa
90%
Brazylia Brasilia
85%
Egipt Kair
80%
Japonia Tokio
75%
Turcja Ankara
70%
Argentyna Buenos Aires
70%
Australia Canberra
70%
Wenezuela Caracas
70%
Chiny Pekin
70%
Korea Południowa Seul
70%
Kolumbia Bogota
65%
Kuba Hawana
65%
Peru Lima
65%
Tunezja Tunis
65%
Algieria Algier
60%
Izrael Jerozolima
60%
Afganistan Kabul
60%
Urugwaj Montevideo
60%
Indie Nowe Delhi
60%
Maroko Rabat
60%
Chile Santiago
60%
Mongolia Ułan Bator
60%
Zjednoczone Emiraty Arabskie Abu Zabi
55%
Irak Bagdad
55%
Boliwia La Paz, Sucre
55%
Kazachstan Nur-Sułtan
55%
Ekwador Quito
55%
Singapur Singapur
55%
Indonezja Dżakarta
50%
Wietnam Hanoi
50%
Gruzja Tbilisi
50%
Iran Teheran
50%
Etiopia Addis Abeba
45%
Paragwaj Asuncion
45%
Tajlandia Bangkok
45%
Syria Damaszek
45%
Pakistan Islamabad
45%
Filipiny Manila
45%
Arabia Saudyjska Rijad
45%
Libia Trypolis
45%
Jordania Amman
40%
Sudan Chartum
40%
Republika Południowej Afryki Kapsztad
40%
Kenia Nairobi
40%
Nigeria Abudża
35%
Malezja Kuala Lumpur
35%
Somalia Mogadiszu
35%
Bangladesz Dhaka
30%
Tanzania Dodoma
30%
Sudan Południowy Dżuba
30%
Demokratyczna Republika Konga Kinszasa
30%
Erytrea Asmara
25%
Korea Północna Pyongyang
15%
Nie znaleziono quizów pasujących do podanych kryteriów
Rozkład punktacji
Procent ludzi z każdym wynikiem
Percentyl według liczby udzielonych odpowiedzi
Twoja historia wyników
Nie rozwiązałeś tego quizu